000 00345nam a2200157Ia 4500
001 17776
003 IN-NITTTR
005 20251114233208.0
008 251113s9999||||xx |||||||||||||| ||eng||
040 _beng
040 _cIN-NITTTR
041 _aeng
082 _a510 T314
245 2 _aA text book of applied mathematics /
942 _2ddc
_cBK
999 _c20410
_d20410